01073nam a22002657a 4500999001700000003000900017008004100026040007100067082001800138100002700156245002800183260004700211300004500258440005600303505019600359650003300555650002400588650002800612700002100640700002800661700005300689700004100742942001600783945000800799 c20525d20525AR-CdUCM190409b ||||| |||| 00| 0 spa d aMUNICIPALIDAD PROVINCIAL DEL CUSCOcBIBLIOTECA MUNICIPAL DEL CUSCO a990.25 /bV63 aVidal de la Blache, P. aGeografía universal / aBarcelona :bMontaner y simon, S.A,c1928. av tomos ;bilustraciones, mapas,c28 cm. aGeógrafos Españoles e Hispano-Americanas942911 aContenido : t.5 : Europa central Suiza, Austria, Hungría, Checoeslovaquia, Polonia, Rumania -- t.20 : América del sur Guayanas Brasil -- t.21 :países andinos -- Venezuela -- Colombia... aGeografía universal930540 aEnciclopedias96681 aPaíses andinos939016 aL.Gallois930541 aMartonne, Emm de942912 aVillanueva Lopez Moreno, Luis (traductor)942913 aVillar, E. H. del (traductor)942914 2ddccLIBROS arcc